| 000 | 01099cam a22003015a 4500 | ||
|---|---|---|---|
| 001 | 17312386 | ||
| 005 | 20160118112858.0 | ||
| 008 | 120521s2011 enka frb 001 0 eng d | ||
| 020 | _a9780273761990 | ||
| 040 |
_aUKM _cUKM _dEG-ScBUE _beng |
||
| 082 | 0 | 4 |
_a658.110941 _222 _bWIL |
| 100 | 1 |
_aWilliams, Sara, _d1947- _939070 |
|
| 245 | 1 | 4 |
_aThe Financial Times guide to business start up 2012 / _cSara Williams. |
| 246 | 3 | 0 | _aGuide to business start up 2012 |
| 250 | _a25th ed. | ||
| 260 |
_aHarlow : _bFinancial times / Prentice Hall / Pearson Education Limited, _c2011. |
||
| 300 |
_avi, 464 p. : _bill. ; _c24 cm. |
||
| 490 | 0 | _aFinancial Times guides | |
| 500 | _a"The most comprehensive annually updated guide for entrepreneurs"--Cover. | ||
| 500 | _aIndex : p. 458-464. | ||
| 504 | _aIncludes bibliographical references. | ||
| 650 | 7 |
_aSmall business _zGreat Britain _xManagement. _2BUEsh _939071 |
|
| 650 | 7 |
_aNew business enterprises _zGreat Britain. _2BUEsh _929548 |
|
| 651 | _2BUEsh | ||
| 653 |
_bBUSADM _cJuly2015 _cJanuary2016 |
||
| 710 | 2 | _aFinancial Times Limited. | |
| 942 | _2ddc | ||
| 999 |
_c20191 _d20163 |
||